[Event "Kassel op"]
[Site "Kassel"]
[Date "1994.??.??"]
[Round "6"]
[White "Buenermann, Volker"]
[Black "Reschke, Thomas"]
[Result "1/2-1/2"]
[WhiteElo "2295"]
[BlackElo "2225"]

1.e4 g6 2.d4 Bg7 3.Nc3 c6 4.Nf3 d5 5.Bf4 dxe4 6.Nxe4 Qa5+ 7.Bd2 Qd5 8.Bd3 Bg4
9.c4 Qd8 10.Qb3 Bxf3 11.gxf3 Qb6 12.Bc3 Nd7 13.O-O-O Qxb3 14.axb3 Ngf6 15.Rhe1 O-O
16.Kc2 Rfe8 17.Ra1 Nh5 18.b4 Nf4 19.Bf1 Nf8 20.Nc5 b6 21.Nd3 N8e6 22.Nxf4 Nxf4
23.Re4 Ne6 24.h4 Nc7 25.Ree1 e6 26.Bd3 f5 27.Bf1 Red8 28.Red1 Rd7 29.Bg2 Ne8
30.f4 Rc8 31.d5 cxd5 32.cxd5 e5 33.fxe5 Bxe5 34.Kb3 Bxc3 35.bxc3 Nd6 36.Rd4 Rdc7
37.Rc1 b5 38.Bf1 Kf7 39.Rdd1 a6 40.f3 Re7 41.Ra1 Re3 42.Rd3 Rxd3 43.Bxd3 Ra8
44.c4 bxc4+ 45.Bxc4 Nxc4 46.Kxc4 Ke7 47.Kc5 Kd7 48.f4 Rc8+ 49.Kd4 Rb8 50.Ra4 Rb6
51.Kc5 Rb5+ 52.Kc4 Rb6 53.Ra1 Kd6 54.Re1 Kd7 55.Re5 Rb8 56.h5 Rc8+ 57.Kd4 Rb8  1/2-1/2

[Event "Kecskemet"]
[Site "Kecskemet"]
[Date "1994.??.??"]
[Round "?"]
[White "Videki, Sandor"]
[Black "Csom, Istvan"]
[Result "1/2-1/2"]
[WhiteElo "2435"]
[BlackElo "2405"]

1.e4 c6 2.d4 g6 3.Nc3 Bg7 4.Nf3 d6 5.h3 Na6 6.Be2 Nc7 7.O-O d5 8.Re1 Nh6
9.b3 O-O 10.Bb2 f6 11.Bf1 Nf7 12.exd5 cxd5 13.Na4 Bd7 14.Nc5 Bc6 15.Qe2 Re8
16.Ne6 Nxe6 17.Qxe6 Qc8 18.Ba3 Bf8 19.c4 Qxe6 20.Rxe6 Nd6 21.Bxd6 Kf7 22.Rae1 exd6
23.Rxe8 Rxe8 24.Rxe8 Kxe8 25.Bd3 Bg7 26.Kf1 Ke7 27.Ke2 dxc4 28.Bxc4 Be4 29.Ne1 f5
30.Ke3 Bb1 31.a4 f4+ 32.Kxf4 Bxd4 33.Kf3 Bf5 34.Bd5 b6 35.Ke2 Kf6 36.f4  1/2-1/2

[Event "Kurgan"]
[Site "Kurgan"]
[Date "1994.??.??"]
[Round "1"]
[White "Galdunts, Sergey"]
[Black "Tseshkovsky, Vitaly"]
[Result "0-1"]
[WhiteElo "2420"]
[BlackElo "2515"]

1.e4 g6 2.d4 Bg7 3.Nc3 c6 4.Be3 d6 5.g3 b5 6.Bg2 Nf6 7.h3 b4 8.Nce2 O-O 9.Qd2 a5
10.Bh6 Nbd7 11.Bxg7 Kxg7 12.g4 Nb6 13.g5 Ne8 14.b3 Nc7 15.h4 e5 16.f4 c5
17.f5 Nb5 18.d5 a4 19.Nf3 gxf5 20.exf5 e4 21.Nh2 e3 22.Qd3 Ba6 23.f6+ Kh8
24.Qf5 Qc8 25.Qxc8 Rfxc8 26.Ng4 Nd4 27.Nxd4 cxd4 28.Nh6 Rxc2 29.Nxf7+ Kg8
30.Nh6+ Kf8 31.Be4 Re2+ 32.Kd1 Rd2+ 33.Ke1 Bd3 34.Bxd3 Rxd3 35.h5  0-1

[Event "Leeuwarden op"]
[Site "Leeuwarden"]
[Date "1994.??.??"]
[Round "2"]
[White "Hania, J."]
[Black "Hommeles, Theo"]
[Result "1-0"]
[WhiteElo "2355"]
[BlackElo "2240"]

1.e4 g6 2.d4 Bg7 3.Nc3 c6 4.f4 d6 5.Be3 Qb6 6.Qd2 Nf6 7.Nf3 d5 8.O-O-O Nxe4
9.Nxe4 dxe4 10.Ne5 Qc7 11.Bc4 f6 12.Bf7+ Kf8 13.Rhf1 Bf5 14.g4 fxe5 15.fxe5 Kxf7
16.gxf5 gxf5 17.Rxf5+ Ke8 18.Qe2 Nd7 19.Qh5+ Kd8 20.Rf7 Bf8 21.Qf5 Qa5 22.d5 cxd5
23.e6 Kc7 24.Bf4+ Kb6 25.exd7 Ka6 26.Rxd5 Qxa2 27.Qxe4  1-0

[Event "Leeuwarden op"]
[Site "Leeuwarden"]
[Date "1994.??.??"]
[Round "6"]
[White "Visser, Yge"]
[Black "Finkel, Alexander"]
[Result "1/2-1/2"]
[WhiteElo "2350"]
[BlackElo "2465"]

1.e4 g6 2.d4 Bg7 3.Nc3 c6 4.f4 d5 5.e5 Nh6 6.Nf3 Bg4 7.Be3 f6 8.Be2 O-O 9.Qd2 Nf5
10.O-O Nd7 11.Nd1 Bh6 12.Ng5 Bxe2 13.Ne6 Bxf1 14.Nxd8 Raxd8 15.e6 Ba6 16.exd7 e5
17.fxe5 Nxe3 18.e6 Nf5 19.Qb4 Bf4 20.e7 Nxe7 21.Qxe7 Bc7 22.Nf2 Rf7 23.Qe8+ Kg7
24.Re1 Rdxd7 25.g3 Bb6 26.c3 c5 27.dxc5 Bxc5 28.Kg2 b6 29.b4 Bd6 30.a3 Bb7
31.Kf1 Be5 32.Rxe5 fxe5 33.Qxe5+ Rf6 34.Kg1 h5 35.Nh3 d4 36.Nf4 d3 37.Ne6+ Kf7
38.Ng5+ Kg7 39.Ne6+ Kf7 40.Ng5+ Kg7 41.Ne6+ Kf7 42.Ng5+ Kg7 43.Ne6+ Kf7 44.Ng5+ Kg7  1/2-1/2

[Event "Lenk op"]
[Site "Lenk"]
[Date "1994.??.??"]
[Round "4"]
[White "Gofshtein, Leonid D"]
[Black "Klauser, Markus"]
[Result "1-0"]
[WhiteElo "2495"]
[BlackElo "2335"]

1.e4 g6 2.d4 Bg7 3.Nc3 c6 4.f4 d5 5.e5 h5 6.Be3 Nh6 7.Nf3 Bg4 8.Bf2 e6 9.Qd3 Qa5
10.Ng5 Na6 11.Qd2 Bf8 12.h3 Bf5 13.Be2 Ng8 14.O-O h4 15.a3 Nb8 16.Rfc1 c5
17.dxc5 Bxc5 18.Bb5+  1-0

[Event "EU-ch U20 Girls"]
[Site "Litomysl"]
[Date "1994.??.??"]
[Round "1"]
[White "Thompson, Tracey"]
[Black "Segal, Anna"]
[Result "0-1"]
[WhiteElo "2040"]
[BlackElo "2170"]

1.e4 g6 2.d4 Bg7 3.Nc3 c6 4.Be3 d5 5.exd5 cxd5 6.Qd2 Nc6 7.Nge2 a6 8.Nf4 Nf6
9.Be2 Bf5 10.a3 Qd6 11.Bf3 Ne4 12.Bxe4 dxe4 13.Nfd5 O-O 14.Bf4 Qd8 15.Bc7 Qd7
16.Bf4 Nxd4 17.Be3 Nc6 18.O-O-O Kh8 19.Qe2 Rad8 20.Bb6 Rc8 21.Nf4 Nd4 22.Qe3 e5
23.Nfd5 Rc6 24.Bxd4 exd4 25.Rxd4 Bxd4 26.Qxd4+ f6 27.Nxe4 Bxe4 28.Qxe4 Re8
29.Qf3 Qe6 30.Nc3 b5 31.Rd1 Rec8 32.Qd5 Qxd5 33.Rxd5 R8c7 34.Rd2 Kg7 35.Ne4 Re7
36.f3 f5 37.Ng3 Re1+ 38.Rd1 Rce6 39.Rxe1 Rxe1+ 40.Kd2 Rg1 41.b3 Rxg2+ 42.Kd3 Rf2  0-1

[Event "EU-ch U20 Girls"]
[Site "Litomysl"]
[Date "1994.??.??"]
[Round "9"]
[White "Andreescu, Nicoleta Aurora"]
[Black "Segal, Anna"]
[Result "0-1"]
[WhiteElo "2085"]
[BlackElo "2170"]

1.e4 g6 2.d4 Bg7 3.Nc3 c6 4.Bc4 d6 5.Qf3 Nf6 6.e5 dxe5 7.dxe5 Nd5 8.Nxd5 cxd5
9.Bxd5 O-O 10.Bxb7 Qa5+ 11.c3 Nd7 12.Bxa8 Nxe5 13.Qd5 Qb6 14.Ne2 Be6 15.Qe4 Bf5
16.O-O Bxe4 17.Bxe4 Nc4 18.b3 Qe6 19.Bd3 Ne5 20.Nd4 Qc8 21.Be2 Qxc3 22.Be3 Nd3
23.Rad1 Nb4 24.Nb5 Qe5 25.Rd2 a6 26.Nd4 Qa5 27.Rfd1 h6 28.h3 Kh7 29.Bc4 Bf6
30.a4 Kg7 31.Re2 Rd8 32.Red2 Rd6 33.Ne2 Rxd2 34.Bxd2 Qc5 35.Ng3 a5 36.Ne4 Qh5
37.Re1 Bd4 38.Ng3 Qc5 39.Ne4 Qb6 40.Re2 e6 41.Nc3 Bf6 42.Nb5 Nd5 43.Bc1 Qc6
44.Bd2 Nb6 45.Bd3 Nd5 46.Bxa5 Nf4 47.f3 Nxd3 48.Kh2 Be5+ 49.g3 Qxf3  0-1

[Event "Ljubljana op"]
[Site "Ljubljana"]
[Date "1994.??.??"]
[Round "?"]
[White "Kos, Toni"]
[Black "Basagic, Zlatko"]
[Result "0-1"]
[WhiteElo "2160"]
[BlackElo "2420"]

1.e4 g6 2.d4 Bg7 3.Nc3 c6 4.Nf3 d5 5.h3 Nh6 6.Bf4 dxe4 7.Nxe4 Nf5 8.Be5 O-O
9.Bxg7 Kxg7 10.Qd2 Nd6 11.Nxd6 exd6 12.O-O-O Nd7 13.Bd3 Nf6 14.Ng5 h6 15.Ne4 Nxe4
16.Bxe4 Re8 17.Bd3 Qf6 18.c3 Be6 19.Kb1 b5 20.f4 Bd5 21.Rhe1 Qh4 22.f5 Qg3
23.fxg6 fxg6 24.Re2 Rxe2 25.Qxe2 Rf8 26.Re1 Rf2 27.Qe7+ Bf7 28.Bc2 Qxg2 29.Rc1 Rf1
30.Qxd6 Rxc1+ 31.Kxc1 Qxh3 32.Qe5+ Kh7 33.Bb3 Qf1+ 34.Kd2 Qf2+ 35.Kc1 Bxb3
36.axb3 h5 37.Qc7+ Kh6 38.Qxc6 h4 39.Qe8 Kh5 40.Qe5+ Kg4 41.Qe6+ Qf5 42.d5 h3
43.Qe2+ Kg5 44.d6 Qf4+ 45.Kc2 Qxd6 46.Qe3+ Kg4 47.Qe4+ Qf4 48.Qxg6+ Kh4 49.Kb1 h2
50.Ka2 a5 51.Qg2 a4 52.b4 Qg3 53.Qe4+ Kh3 54.Ka3 Qg4 55.Qe3+ Kg2 56.Qd2+ Kg3
57.Qe3+ Qf3 58.Qg5+ Kf2 59.Qd2+ Qe2 60.Qf4+ Ke1 61.Qc1+ Qd1 62.Qe3+ Kf1 63.Qf4+ Kg1
64.Qe3+ Kg2 65.Qe4+ Qf3 66.Qc2+ Kg1 67.Qg6+ Kf1 68.Qb1+ Kf2 69.Qc2+ Qe2 70.Qc1 Qc4
71.Qd2+ Kf3 72.Qd1+ Qe2 73.Qd5+ Kf2 74.Qf5+ Ke1 75.Qd5 Qf2 76.Ka2 Qh4  0-1

[Event "London op"]
[Site "London"]
[Date "1994.??.??"]
[Round "3"]
[White "Parr, David"]
[Black "Dunworth, Christopher"]
[Result "0-1"]
[WhiteElo "2315"]
[BlackElo "2245"]

1.e4 g6 2.d4 Bg7 3.Nc3 c6 4.f4 d5 5.e5 h5 6.Nf3 Nh6 7.Be2 Bg4 8.Be3 Nf5 9.Bf2 Qb6
10.Qd2 e6 11.O-O Nd7 12.Rab1 Bf8 13.Na4 Qc7 14.b4 Be7 15.h3 Bxf3 16.Bxf3 h4
17.Be2 Kf8 18.Rfc1 Qd8 19.Nc5 b6 20.Nxd7+ Qxd7 21.Bd3 Kg7 22.c4 b5 23.cxb5 cxb5
24.Rc2 a6 25.Rbc1 Rhc8 26.a3 Rxc2 27.Qxc2 a5 28.Qe2 Rc8 29.Rxc8 Qxc8 30.Qd2 axb4
31.axb4 Qa6 32.Bxf5 gxf5 33.Kh2 Qa3 34.Be1 Qb3 35.Qc3 Qc4 36.Qxc4 dxc4 37.g3 hxg3+
38.Kxg3 Kg6 39.Kf3 Kh5 40.Ke3 Bh4  0-1

[Event "London op"]
[Site "London"]
[Date "1994.??.??"]
[Round "4"]
[White "Stanton, William"]
[Black "Dunn, Andrew"]
[Result "0-1"]
[WhiteElo "2170"]
[BlackElo "2240"]

1.e4 g6 2.d4 Bg7 3.Nc3 c6 4.f4 d5 5.e5 h5 6.Nf3 Nh6 7.Bd3 Bf5 8.Nh4 e6 9.Nxf5 Nxf5
10.Bxf5 gxf5 11.Be3 Nd7 12.Qd3 Bf8 13.Ne2 b5 14.Bd2 a6 15.Qb3 Nb6 16.Ba5 Qb8
17.Bxb6 Qxb6 18.c3 Be7 19.a4 Kd7 20.Qc2 c5 21.axb5 axb5 22.O-O Rhc8 23.Qd3 cxd4
24.cxd4 Ra6 25.Qf3 Rxa1 26.Rxa1 Rc2 27.Qxh5 Rxb2 28.Ra8 Rxe2 29.Qxe2 Qxd4+  0-1

[Event "Lloyds Bank op"]
[Site "London"]
[Date "1994.??.??"]
[Round "6"]
[White "Cobb, James"]
[Black "Cherniaev, Alexander"]
[Result "1/2-1/2"]
[WhiteElo "2240"]
[BlackElo "2415"]

1.e4 g6 2.d4 Bg7 3.Nc3 c6 4.Be3 d6 5.Qd2 Nd7 6.f3 b5 7.Nge2 Nb6 8.Ng3 Bb7
9.Be2 Qc7 10.O-O h5 11.a4 b4 12.Na2 a5 13.Nc1 Nf6 14.c3 bxc3 15.bxc3 O-O
16.Bh6 Kh7 17.Bxg7 Kxg7 18.Qg5 Nh7 19.Nf5+ Kh8 20.Qxe7 Qxe7 21.Nxe7 Ra7 22.Nd3 Re8
23.Rfb1 Na8 24.Rxb7 Rxb7 25.Nxc6 Rc8 26.d5 Rb3 27.c4 Nb6 28.c5 dxc5 29.Nxc5 Rb2
30.Ba6 Rc7 31.Bb5 Nf6 32.Rd1 Nfd7 33.d6 Rc8 34.Nxd7 Nxd7 35.f4 Kg7 36.e5 h4
37.h3 Kh6 38.Nd4 Nf8 39.Nc6 Nd7 40.Kh1 Ra8 41.Ne7 Nc5 42.Kh2 Rf2 43.Nc6 Nb7
44.d7 Nd8 45.Nxd8 Rxd8 46.Rd4 Kg7 47.Kg1 Rb2 48.Rd6 Rb4 49.Rf6 Rf8 50.Kf2  1/2-1/2

[Event "London2"]
[Site "London"]
[Date "1994.??.??"]
[Round "7"]
[White "Martin, Benjamin"]
[Black "McFarland, Robert"]
[Result "1-0"]
[WhiteElo "2400"]
[BlackElo "2290"]

1.e4 g6 2.d4 Bg7 3.Nc3 c6 4.Nf3 d5 5.h3 Nf6 6.e5 Ne4 7.Bd3 Nxc3 8.bxc3 c5
9.O-O Nc6 10.Re1 O-O 11.Be3 Qa5 12.Qd2 cxd4 13.cxd4 Qxd2 14.Bxd2 Bf5 15.Bxf5 gxf5
16.c4 Rfd8 17.c5 e6 18.Rab1 Rd7 19.Rb5 a6 20.Rb6 Rc8 21.Reb1 Rcc7 22.Bf4 Bf8
23.R6b2 Kg7 24.Kf1 Kg6 25.Bd2 Bh6 26.Bc3 Bg5 27.Ke2 Bh6 28.Kd3 Bg5 29.Rg1 h5
30.g4 hxg4 31.hxg4 f4 32.Rh1 f6 33.exf6 Bxf6 34.Re2 Re7 35.Rh5 Rc8 36.Bd2 Nxd4
37.Nxd4 e5 38.Nf5 e4+ 39.Kc2 Rxc5+ 40.Kd1  1-0

[Event "SWZ-ch op"]
[Site "Luzern"]
[Date "1994.??.??"]
[Round "?"]
[White "Haering, Thomas"]
[Black "Buergi, Oswald"]
[Result "1-0"]
[WhiteElo "2000"]
[BlackElo "1935"]

1.e4 g6 2.d4 Bg7 3.Nc3 c6 4.Nf3 d5 5.h3 Nf6 6.Bd3 dxe4 7.Nxe4 Nxe4 8.Bxe4 Nd7
9.O-O O-O 10.Re1 Qc7 11.Bg5 f6 12.Bd2 e5 13.dxe5 f5 14.Bd3 Nxe5 15.Nxe5 Bxe5
16.Bc4+ Rf7 17.Rxe5 Qxe5 18.Bc3 Qc7 19.Qd4  1-0

[Event "Metz op"]
[Site "Metz"]
[Date "1994.??.??"]
[Round "7"]
[White "Galdunts, Sergey"]
[Black "Hodgson, Julian M"]
[Result "1/2-1/2"]
[WhiteElo "2420"]
[BlackElo "2570"]

1.e4 g6 2.d4 Bg7 3.Nc3 c6 4.Nf3 d5 5.h3 Nf6 6.Bd3 dxe4 7.Nxe4 Nxe4 8.Bxe4 Nd7
9.O-O O-O 10.c4 e5 11.dxe5 Nxe5 12.Nxe5 Qxd1 13.Rxd1 Bxe5 14.Bh6 Re8 15.Rab1 Be6
16.b3 f5 17.Bf3 Kf7 18.Re1 Bc3 19.Re3 Bf6 20.Rd1 Rad8 21.Red3 Rxd3 22.Rxd3 a5
23.a4 Rd8 24.Rxd8 Bxd8 25.Be3 g5 26.g4 Kf6 27.Bd4+ Kg6 28.Kf1 h5 29.gxh5+ Kh6
30.Bc5 g4 31.hxg4 fxg4 32.Be4 Kxh5 33.Ke2 Kg5 34.Kd3 Bf5 35.Bd6 Kf6 36.Ke3 Ke6
37.Bxf5+ Kxf5 38.f3 gxf3  1/2-1/2

[Event "Veterans-Women"]
[Site "Monte Carlo"]
[Date "1994.??.??"]
[Round "1"]
[White "Xie Jun"]
[Black "Larsen, Bent"]
[Result "1-0"]
[WhiteElo "2515"]
[BlackElo "2560"]

1.e4 g6 2.d4 Bg7 3.Nc3 c6 4.Nf3 d6 5.h3 Nf6 6.a4 O-O 7.Be3 Nbd7 8.Be2 e5
9.dxe5 dxe5 10.O-O Qe7 11.Qd3 a5 12.Qc4 Re8 13.Rfd1 h6 14.Nd2 Nh7 15.Qb3 Ng5
16.Nc4 Nc5 17.Qa3 Nce6 18.Qxe7 Rxe7 19.Nb6 Rb8 20.Bg4 Re8 21.Bxg5 hxg5 22.Nb1 Bf8
23.Nd2 Bc5 24.Ndc4 Bxb6 25.Nxb6 Kf8 26.Rd2 Ke7 27.Rad1 Rf8 28.Nxc8+ Rfxc8
29.Rd7+ Kf6 30.Bxe6 fxe6 31.g4  1-0

[Event "Moscow-ch"]
[Site "Moscow"]
[Date "1994.??.??"]
[Round "?"]
[White "Gelman, Alexander"]
[Black "Krasnov, Sergey"]
[Result "1-0"]
[WhiteElo "2400"]
[BlackElo "2325"]

1.e4 g6 2.d4 Bg7 3.Nc3 c6 4.h3 d5 5.e5 f6 6.Nf3 Nd7 7.Bf4 Qb6 8.Qd2 Qxb2
9.Rb1 Qa3 10.Bd3 fxe5 11.dxe5 Nc5 12.O-O Ne6 13.Ne2 Nxf4 14.Qxf4 Nh6 15.Ng5 Kd8
16.Nd4 Rf8 17.Qe3 Qxa2 18.Nge6+ Bxe6 19.Nxe6+ Kc8 20.Nxg7 Nf5 21.Nxf5 gxf5
22.Qc5 Rf7 23.e6 Rg7 24.Qb4  1-0

[Event "Moscow ol (Women)"]
[Site "Moscow"]
[Date "1994.??.??"]
[Round "1"]
[White "Chaves, Joara"]
[Black "Kachiani Gersinska, Ketino"]
[Result "1/2-1/2"]
[WhiteElo "2050"]
[BlackElo "2410"]

1.e4 g6 2.d4 Bg7 3.Nc3 c6 4.Be3 Qb6 5.Rb1 Nf6 6.h3 O-O 7.Nf3 Na6 8.Be2 d5
9.e5 Ne4 10.Nxe4 dxe4 11.Nd2 Qa5 12.O-O Be6 13.Nxe4 Qxa2 14.Qc1 Nb4 15.Rd1 Bf5
16.Bf3 Qe6 17.Qd2 a5 18.Bh6 Rfd8 19.Bxg7 Kxg7 20.c3 Nd5 21.Ra1 b6 22.Re1 Qc8
23.Qg5 h6 24.Qh4 Qe6 25.Rad1 a4 26.Ra1 a3 27.Rxa3 Rxa3 28.bxa3 Bxe4 29.Qxe4 Nxc3
30.Qxc6 Qxc6 31.Bxc6 Rxd4 32.Re3 Rc4  1/2-1/2

[Event "Moscow ol (Men)"]
[Site "Moscow"]
[Date "1994.??.??"]
[Round "2"]
[White "Mendoza, Rafael"]
[Black "Komliakov, Viktor"]
[Result "1/2-1/2"]
[WhiteElo "2345"]
[BlackElo "2455"]

1.e4 g6 2.d4 Bg7 3.Nc3 c6 4.Nf3 d5 5.h3 Nf6 6.e5 Ne4 7.Bd3 Nxc3 8.bxc3 c5
9.O-O Nc6 10.Re1 O-O 11.Rb1 c4 12.Bf1 Qa5 13.Bd2 b5 14.Qc1 Rb8 15.Bh6 b4
16.Bxg7 Kxg7 17.cxb4 Rxb4 18.Rxb4 Nxb4 19.c3 Nc6 20.Re2 Bf5 21.Rb2 Rb8 22.Rxb8 Nxb8
23.Qb2 Qb6 24.Qa3 Nc6 25.Nd2 h5 26.g3 Qa5 27.Qxa5 Nxa5 28.Bg2 e6 29.Kf1 Bc2
30.Ke1 g5 31.Bf3 Kg6 32.Bd1 Bxd1 33.Kxd1 Kf5 34.Ke2 Nc6 35.Nf1 g4 36.hxg4+ hxg4
37.Ne3+ Kg5 38.Kd2 Nb8 39.Kc2 Nd7 40.Kb2 f6  1/2-1/2

[Event "Moscow ol (Men)"]
[Site "Moscow"]
[Date "1994.??.??"]
[Round "2"]
[White "Roselli Mailhe, Bernardo"]
[Black "Bricard, Emmanuel"]
[Result "1/2-1/2"]
[WhiteElo "2425"]
[BlackElo "2455"]

1.e4 g6 2.d4 Bg7 3.Nc3 c6 4.Nf3 d5 5.Be2 Bg4 6.Be3 dxe4 7.Nxe4 Nd7 8.h3 Bxf3
9.Bxf3 Ngf6 10.Nxf6+ Nxf6 11.b3 Nd5 12.Bd2 b5 13.a4 a6 14.O-O O-O 15.Qe2 e6
16.Ra2 Qb6 17.axb5 axb5 18.Rfa1 Rxa2 19.Rxa2 Rc8 20.g3 h5 21.h4 Qb7 22.Kg2 Ra8
23.Rxa8+ Qxa8 24.Bxd5 exd5 25.Qe7 Qc8 26.Bf4 Qe6 27.Qxe6 fxe6 28.b4  1/2-1/2

[Event "Moscow ol (Men)"]
[Site "Moscow"]
[Date "1994.??.??"]
[Round "2"]
[White "Van Riemsdijk, Herman C"]
[Black "Minasian, Artashes"]
[Result "1/2-1/2"]
[WhiteElo "2420"]
[BlackElo "2525"]

1.e4 g6 2.d4 Bg7 3.Nc3 c6 4.Nf3 d5 5.h3 Nh6 6.Be2 O-O 7.O-O f6 8.Re1 Nf7
9.Bf1 b6 10.a4 a5 11.exd5 cxd5 12.Bf4 Nc6 13.Bg3 Bb7 14.Bb5 Nb4 15.Re6 Bc8
16.Re2 Nd6 17.Na2 Nxa2 18.Bc6 Nb4 19.Bxa8 Ba6 20.c3 Bxe2 21.Qxe2 Qd7 22.cxb4 Rxa8
23.bxa5 bxa5 24.Bxd6 Qxd6 25.Rc1 e5 26.Qb5 e4 27.Rc6 Qd7 28.Nd2 f5 29.Nb3 f4
30.Nc5 Qf5 31.Ne6 Bf8 32.Qb7 Re8 33.Qd7 Re7 34.Qd6 e3 35.fxe3 fxe3 36.Nxf8 Qxf8
37.Rc8 Qxc8 38.Qxe7 Qc1+ 39.Kh2 Qe1 40.Qe6+ Kg7 41.Qe5+ Kh6  1/2-1/2

[Event "Moscow ol (Women)"]
[Site "Moscow"]
[Date "1994.??.??"]
[Round "3"]
[White "Lalic, Susan"]
[Black "Kachiani Gersinska, Ketino"]
[Result "1/2-1/2"]
[WhiteElo "2375"]
[BlackElo "2410"]

1.e4 g6 2.d4 Bg7 3.Nc3 c6 4.f4 d5 5.e5 Nh6 6.Be2 Qb6 7.g4 f6 8.h3 fxe5 9.fxe5 Nd7
10.Nf3 Nf8 11.a3 Nf7 12.Na4 Qc7 13.Be3 Ne6 14.b4 Bd7 15.Nb2 a5  1/2-1/2

[Event "Moscow ol (Men)"]
[Site "Moscow"]
[Date "1994.??.??"]
[Round "4"]
[White "Cao Sang"]
[Black "Iordachescu, Viorel"]
[Result "1-0"]
[WhiteElo "2210"]
[BlackElo "2435"]

1.e4 g6 2.d4 Bg7 3.Nc3 c6 4.f4 d5 5.e5 Nh6 6.Nf3 f6 7.Be2 Bg4 8.Be3 O-O 9.Qd2 Nf5
10.Bf2 Nd7 11.O-O-O Bxf3 12.exf6 exf6 13.Bxf3 Nd6 14.h4 f5 15.h5 Nf6 16.hxg6 hxg6
17.Bh4 Qd7 18.Rdg1 Rae8 19.Bxf6 Rxf6 20.g4 Ne4 21.Bxe4 fxe4 22.Qh2 Kf7 23.f5 Rh8
24.fxg6+ Kxg6 25.Qg2 Rf3 26.Ne2 Qf7 27.Rxh8 Bxh8 28.Qh2 Rf1+ 29.Rxf1 Qxf1+
30.Kd2 Bg7 31.Qh5+ Kf6 32.g5+ Ke7 33.Qh2 Qf5 34.Qc7+ Ke8 35.Qb8+ Kf7 36.Qxb7+ Kg6
37.Qxc6+ Kxg5 38.Qd6 Bf8 39.Qg3+ Kf6 40.Qh4+ Kf7 41.Ke1 Bb4+ 42.c3 Bd6 43.Qf2 Ke6
44.Qxf5+ Kxf5 45.Nc1 Ke6 46.Ke2 Bf4 47.Nb3 Kd6 48.Nd2 Ke6 49.b3 Bg5 50.Nf1 a5
51.a4 Bf4 52.Ne3 Bg5 53.Ng4 Bc1 54.Ne3 Bb2 55.Kd2 Kd6 56.Kc2 Ba1 57.Nd1 Ke6
58.Kd2 Kd6 59.Ne3 Kc6 60.Nf5 Kd7 61.Ng3 Bb2 62.Ne2 Ba3 63.Ke3 Bf8 64.Kf4 Ke6
65.Kg4 Kd6 66.Kf5 Be7 67.c4 Bf8 68.Kg6 Kc6 69.Nc3 dxc4 70.bxc4 e3 71.Kf5 Bb4
72.Ne2  1-0

[Event "Moscow ol (Men)"]
[Site "Moscow"]
[Date "1994.??.??"]
[Round "4"]
[White "Mannion, Stephen R"]
[Black "Bricard, Emmanuel"]
[Result "0-1"]
[WhiteElo "2355"]
[BlackElo "2455"]

1.e4 g6 2.d4 Bg7 3.Nc3 c6 4.Nf3 d5 5.h3 Nh6 6.Bd3 f6 7.O-O Nf7 8.Ne2 e5 9.dxe5 fxe5
10.Ng3 O-O 11.c4 d4 12.c5 Be6 13.Bd2 a5 14.Qc1 Nd7 15.Ng5 Nxg5 16.Bxg5 Bf6
17.Bh6 Rf7 18.f4 exf4 19.Bxf4 Be5 20.Bc4 Qe7 21.Ne2 Raf8 22.Rf3 Bxf4 23.Rxf4 Nxc5
24.Rxf7 Qxf7 25.Bxe6 Nxe6 26.Qc4 Qd7 27.Rd1 b5 28.Qc2 c5 29.Nc3 Nc7 30.a4 b4
31.Qb3+ Qf7 32.Nd5 Nxd5 33.exd5 Rd8 34.Re1 Qxd5 35.Qg3 d3 36.Re5 Qd4+ 37.Kh2 d2  0-1

[Event "Moscow ol (Men)"]
[Site "Moscow"]
[Date "1994.??.??"]
[Round "5"]
[White "Apicella, Manuel"]
[Black "Sokolovs, Andrei"]
[Result "1/2-1/2"]
[WhiteElo "2465"]
[BlackElo "2520"]

1.e4 g6 2.d4 Bg7 3.Nc3 c6 4.Nf3 d5 5.e5 f6 6.exf6 exf6 7.Bd3 Ne7 8.O-O O-O
9.Re1 Nd7 10.Ne2 Rf7 11.Nf4 Nf8 12.b3 g5 13.Nh5 Bg4 14.Nxg7 Rxg7 15.h3 Bh5
16.Ba3 Bg6 17.Nh2 Kh8 18.Ng4 Ng8 19.Qd2 Qd7 20.Bxf8 Rxf8 21.Bxg6 hxg6 22.Qb4 Re7
23.Rxe7 Qxe7 24.Qxe7 Nxe7 25.Re1 Ng8 26.Re6 Kg7 27.Rd6 Re8 28.Rd7+ Re7 29.Rd8 Nh6
30.Nxh6 Kxh6 31.Kf1 Kg7  1/2-1/2

[Event "Moscow ol (Men)"]
[Site "Moscow"]
[Date "1994.??.??"]
[Round "5"]
[White "Krylov, Sergey"]
[Black "Spraggett, Kevin"]
[Result "0-1"]
[WhiteElo "2290"]
[BlackElo "2530"]

1.e4 g6 2.d4 Bg7 3.Nc3 c6 4.Nf3 d6 5.Be2 Nf6 6.O-O O-O 7.a4 Nbd7 8.h3 Qc7
9.Re1 b6 10.Bf1 e5 11.Bg5 h6 12.Be3 Re8 13.dxe5 dxe5 14.Qd2 Kh7 15.Rad1 Bf8
16.Qc1 Nc5 17.Nd2 a6 18.b4 Ncd7 19.Bc4 Bxb4 20.Na2 Bc5 21.Bxf7 Re7 22.Bb3 Bxe3
23.Rxe3 Nc5 24.Nb4 Nh5 25.Nd3 Nxd3 26.cxd3 Nf4 27.Nf3 c5 28.Qc3 a5 29.Rb1 Bd7
30.h4 Rf8 31.Rb2 Qd6 32.g3 Nh3+ 33.Kg2 g5 34.hxg5 hxg5 35.Nh2 g4 36.Bd1 Qg6
37.Re1 Kg7 38.Rh1 Rh8 39.Qb3 Rh6 40.Qc3 Kf8 41.Nf1 Qh5 42.Rh2 Rf7 43.Bb3 Qf5
44.f4 exf4 45.Kh1 f3 46.Bd1 Qf6 47.Qc4 Ng5  0-1

[Event "Moscow ol (Men)"]
[Site "Moscow"]
[Date "1994.??.??"]
[Round "5"]
[White "Antonio, Rogelio Jr"]
[Black "Arduman, Can"]
[Result "1/2-1/2"]
[WhiteElo "2490"]
[BlackElo "2365"]

1.e4 g6 2.d4 Bg7 3.Nc3 c6 4.h3 d6 5.Nf3 Nd7 6.Bf4 Qc7 7.Bh2 e5 8.dxe5 dxe5
9.a4 Nh6 10.g4 f6 11.Bc4 Nc5 12.Qe2 Nf7 13.O-O-O Qe7 14.Kb1 Be6 15.Nd2 O-O
16.h4 Nd6 17.Bxe6+ Nxe6 18.h5 g5 19.Nb3 a5 20.f3 b5 21.h6 Bxh6 22.Bxe5 fxe5
23.Rxh6 Nf7 24.Rhh1 bxa4 25.Nxa4 Qb4 26.Rd7 Qxa4 27.Nc5 Nxc5 28.Qh2 h6 29.Qh5 Nxd7
30.Qg6+ Kh8 31.Rxh6+ Nxh6 32.Qxh6+  1/2-1/2

[Event "Moscow ol (Women)"]
[Site "Moscow"]
[Date "1994.??.??"]
[Round "6"]
[White "Tamin, Upi Darmayana"]
[Black "Safranska, Anda"]
[Result "0-1"]
[WhiteElo "2140"]
[BlackElo "2305"]

1.e4 g6 2.d4 Bg7 3.Nc3 c6 4.Bf4 d5 5.exd5 cxd5 6.Qd2 Nc6 7.Bb5 a6 8.Bxc6+ bxc6
9.Na4 Nf6 10.f3 h5 11.h4 Bf5 12.Ne2 Nd7 13.Kf2 Rb8 14.Rhe1 O-O 15.Ng3 e6
16.Nxf5 exf5 17.Bg5 Bf6 18.Bxf6 Qxf6 19.g3 a5 20.b3 Rfc8 21.Re2 c5 22.dxc5 Nxc5
23.Nxc5 Rxc5 24.Rd1 Rbc8 25.Qd4 Qc6 26.Rdd2 Kh7 27.Re5 Rxc2 28.Rxd5 a4 29.b4 Qe6
30.b5 f4 31.gxf4 Qh3 32.f5 Qh2+ 33.Ke1 Rc1+ 34.Rd1 Re8+ 35.Kf1 gxf5 36.Rxc1 Qe2+
37.Kg1 Rg8+  0-1

[Event "Moscow ol (Men)"]
[Site "Moscow"]
[Date "1994.??.??"]
[Round "8"]
[White "Braso, Jorge"]
[Black "Keen, Eric"]
[Result "1-0"]
[WhiteElo "2270"]
[BlackElo "2190"]

1.e4 g6 2.d4 Bg7 3.Nc3 c6 4.f4 d5 5.e5 h5 6.Nf3 Bg4 7.Be2 e6 8.O-O Nh6 9.Be3 Nf5
10.Qd2 Nd7 11.Bf2 Bh6 12.Ng5 Bxe2 13.Nxe2 Bxg5 14.fxg5 h4 15.Qf4 Qe7 16.Be1 Rh5
17.Bd2 O-O-O 18.b3 Kb8 19.Kh1 c5 20.c3 Rc8 21.Rac1 Nf8 22.Ng1 Nh7 23.Nh3 Rh8
24.a4 Nf8 25.Kg1 Nd7 26.Nf2 Ka8 27.Ng4 Rc8 28.a5 Nb8 29.b4 cxd4 30.cxd4 Rhh8
31.Ne3 Nc6 32.Nxf5 gxf5 33.Rc5 Rcg8 34.b5 Nb8 35.Rfc1 Qd7 36.Qf3 a6 37.Qc3 axb5
38.Rc7 Qe8 39.a6 Nxa6 40.Qa5 Qb8 41.Rxf7 Rc8 42.Qxb5 Rxc1+ 43.Bxc1 Qa7 44.Bb2 Rg8
45.Re7 Rxg5 46.Re8+ Nb8 47.Rxb8+ Qxb8 48.Qa5+ Qa7 49.Qd8+ Qb8 50.Qxg5 h3
51.gxh3 b5 52.Qe7 Qc8 53.Qc5 Qg8+ 54.Kf1 Qg5 55.Qc6+ Ka7 56.Qxb5 Qf4+ 57.Ke1 Qxh2
58.Qb3 f4 59.Qa4+ Kb7 60.Qb4+ Ka8 61.Ba3 Qg3+ 62.Kd1 Qd3+ 63.Kc1  1-0

[Event "Moscow ol (Men)"]
[Site "Moscow"]
[Date "1994.??.??"]
[Round "9"]
[White "Blatny, Pavel"]
[Black "Murugan, Krishnamoorthy"]
[Result "1-0"]
[WhiteElo "2485"]
[BlackElo "2440"]

1.e4 g6 2.d4 Bg7 3.Nc3 c6 4.f4 d5 5.e5 Nh6 6.Be2 f6 7.Be3 O-O 8.g3 b6 9.Bf3 Na6
10.h3 Nf7 11.Qd2 e6 12.h4 c5 13.exf6 Qxf6 14.Nge2 Bb7 15.O-O Nd6 16.Bf2 Nc4
17.Qc1 Nd6 18.a4 Rfd8 19.Nb5 Qf7 20.Nxd6 Rxd6 21.Qd2 cxd4 22.Bxd4 Nc5 23.Qe3 Rc8
24.Be5 Rdd8 25.Nd4 Ne4 26.Bg4 Re8 27.a5 Ba6 28.Rfe1 b5 29.Bxg7 Kxg7 30.b3 Rc7
31.Nf3 Bc8 32.Ne5 Qf6 33.Be2 a6 34.Bd3 Qf8 35.Bxe4 dxe4 36.Rad1 Bb7 37.Ng4 Rd8
38.Rd4 Bd5 39.Rd2 Qc5 40.Qxc5 Rxc5 41.Rxe4 h5 42.Ne5 Bxe4 43.Rxd8 b4 44.Rd7+ Kg8  1-0

[Event "Moscow ol (Women)"]
[Site "Moscow"]
[Date "1994.??.??"]
[Round "10"]
[White "Thipsay, Bagyashree Sathe"]
[Black "Safranska, Anda"]
[Result "1-0"]
[WhiteElo "2210"]
[BlackElo "2305"]

1.e4 g6 2.d4 Bg7 3.Nc3 c6 4.Bc4 d6 5.Qf3 e6 6.Nge2 h6 7.O-O Ne7 8.Bb3 O-O
9.Bf4 e5 10.dxe5 dxe5 11.Rad1 Nd7 12.Be3 Qa5 13.a3 Kh7 14.Ng3 Nf6 15.h3 Ne8
16.Qe2 b6 17.Qd2 Qa6 18.f4 exf4 19.Rxf4 f6 20.Rf2 Qb7 21.Nce2 Nc7 22.Nf4 a5
23.Qe1 a4 24.Ba2 Ra5 25.Bd2 Rg5 26.Nfe2 Re5 27.Bc3 Rg5 28.Bd2 Rb5 29.Bc3 Ne6
30.Rd6 Ng5 31.Rd4 Bxh3 32.gxh3 Nxh3+ 33.Kg2 Nxf2 34.Qxf2 h5 35.Kh1 Qc8 36.Rxa4 h4
37.Nf1 Rg5 38.Nh2 Rd8 39.Rd4 c5 40.Rxd8 Qxd8 41.Qxh4+ Rh5 42.Qe1 Qd6 43.Ng3 Rh4
44.Kg1 Nc6 45.Bd5 Nd4 46.Bxd4 cxd4 47.Nhf1 Bh6 48.Kg2 Qd7 49.Nf5 Rg4+ 50.N5g3 Bf4
51.Qb4 Kh6 52.Qxd4 Qc7 53.Qc3 Qd6 54.Kf2 Be5 55.Qe3+ Kg7 56.c3 f5 57.Ne2 Qd8
58.Qh3 Rh4 59.Qf3 f4 60.Ke1 Qc8 61.Qf2 g5 62.Ng1 Bc7 63.Nf3 Rh5 64.Nd4 Kh6
65.Nf5+ Kh7 66.Qd4 Qf8 67.e5 Qh8 68.Be4 Qxe5 69.Qxe5 Bxe5 70.N5g3+ Kh6 71.Nxh5 Kxh5
72.Nd2 g4 73.Nc4 Bc7 74.Kf1 Kg5 75.Kg2 b5 76.Nd2 Bb6 77.Nb3 Be3 78.Bc6 Kh4
79.Nd4 Bc1 80.Bxb5 Bxb2 81.a4 Bc1 82.a5 Be3 83.a6 Kg5 84.a7  1-0